Diccionari jurídic català / Il·lustre Col·legi d' Advocats de Barcelona
Descripción Física:
495 p. ; 21 cm
Otros Autores:
Col·legi d'Advocats de Barcelona
Materias:
Dret -- Diccionaris -- Català
MARC
| LEADER | 00000nam a2200000Ia 4500 | ||
|---|---|---|---|
| 001 | 2237 | ||
| 008 | 160829s1986 xx 000 0 cat d | ||
| 080 | |a D-1-159 | ||
| 245 | |a Diccionari jurídic català / Il·lustre Col·legi d' Advocats de Barcelona | ||
| 260 | |a Barcelona : |b Enciclopèdia Catalana, |c 1986 | ||
| 300 | |a 495 p. ; |c 21 cm | ||
| 590 | |a Aportació del Col·legi d' Advocats de Barcelona al II Congrés Internacional de la Llengua Catalana. | ||
| 650 | |a Dret |x Diccionaris |x Català |9 37107 | ||
| 700 | |a Col·legi d'Advocats de Barcelona |9 11623 | ||
| 901 | |a Arxiu | ||
| 942 | |n 1 | ||
| 952 | |0 0 |1 0 |4 0 |6 D1159 |7 1 |9 47659 |a Arxiu |b Arxiu |d 2016-12-01 |l 0 |o D-1-159 |p 2237 |r 2016-12-01 00:00:00 |w 2016-12-01 |y ARXIU | ||
| 999 | |c 51458 |d 51458 | ||